000 00406nam a2200145Ia 4500
005 20250729165738.0
008 250729s2014 xx 000 0 und d
041 _aeng
082 _a371.425 OMPE
100 _aDr. Om Prakash B Pal
_9231961
245 _aEducational and Vocational Guidence and Counselling
260 _aNew Delhi
_bA P H PUBLISHING
_c2014
300 _a405p
650 _aEducation
_9231962
999 _c239544
_d239544